Donors, technical assistance and public administration in Kosovo /

Bibliographic Details
Main Author: Venner, Mary (Author)
Format: Book
Language:English
Published: Manchester : Manchester University Press, 2016.
Series:Humanitarianism.
Subjects:

MARC

Tag First Indicator Second Indicator Subfields
LEADER 00000cam a22000007i 4500
001 in00003714913
005 20170926151547.0
008 161122s2016 enk b 001 0 eng d
010 |a  2016285348 
020 |a 9781784992729  |q (hbk.) 
020 |a 1784992720  |q (hbk.) 
024 8 |a 40026624645 
035 |a (OCoLC)ocn942707181 
035 |a (OCoLC)942707181 
040 |a YDXCP  |b eng  |e rda  |c YDXCP  |d DLC  |d BTCTA  |d BDX  |d YDX  |d FQG  |d OCLCF  |d UtOrBLW 
042 |a lccopycat 
049 |a TXAM 
050 0 0 |a HV555.K75  |b V46 2016 
082 0 4 |a 338.91094971  |2 23 
100 1 |a Venner, Mary,  |e author. 
245 1 0 |a Donors, technical assistance and public administration in Kosovo /  |c Mary Venner. 
264 1 |a Manchester :  |b Manchester University Press,  |c 2016. 
300 |a ix, 203 pages ;  |c 24 cm. 
336 |a text  |b txt  |2 rdacontent 
337 |a unmediated  |b n  |2 rdamedia 
338 |a volume  |b nc  |2 rdacarrier 
490 1 |a Humanitarianism 
504 |a Includes bibliographical references (pages 179-199) and index. 
505 0 |a The setting -- The actors -- Public finance management -- The civil service. 
650 0 |a Economic assistance  |z Kosovo (Republic) 
650 7 |a Economic assistance.  |2 fast  |0 (OCoLC)fst00901592 
651 7 |a Kosovo (Republic)  |2 fast  |0 (OCoLC)fst01695919 
830 0 |a Humanitarianism. 
945 |b 902534 
947 |a A14850006355 
994 |a 92  |b TXA 
948 |a Cataloged  |b h  |c 2016/12/21  |d c  |e LBoyles 
999 f f |s 37863ff0-02f6-37bc-96f5-beb3f904b097  |i 17d29efc-4775-370b-a862-3ff8ac1a4cae  |t 0 
952 f f |p normal  |a Texas A&M University  |b College Station  |c Sterling C. Evans Library  |d Evans: Library Stacks  |t 0  |e HV555.K75 V46 2016  |h Library of Congress classification  |i unmediated -- volume  |m A14850006355 
998 f f |a HV555.K75 V46 2016  |t 0  |l Evans: Library Stacks